000 00957nam a2200229 i 4500
001 22586
003 ES-MaACL
005 20251011063052.0
007 t|
008 021203s1972 sp |||| | spa d
080 _a378(46)"18"
100 1 _aÁlvarez de Morales, Antonio,
_d1942-
_9162384
245 1 0 _aGénesis de la universidad española contemporánea /
_cAntonio Álvarez de Morales.
260 _aMadrid :
_bInstituto de Estudios Administrativos,
_c1972.
300 _a765 p. ;
_c24 cm.
490 1 _aPublicaciones de la Escuela Nacional de Administración Publica.
_aEstudios de historia de la Administración
650 4 _aEnseñanza superior-
_zEspaña-
_yS.XIX.
_9144821
710 2 _aInstituto de Estudios Administrativos (Madrid)
_94880
830 0 _aPublicaciones de la Escuela Nacional de Administración Publica.
_aEstudios de historia de la Administración
_9228998
852 _aES-MaACL
_jE-5319
999 _c22586
_d22586